ARRUPE JESUIT UNIVERSITY

CORONAVIRUS -STOP THE SPREAD - CLEAN,DISINFECT,COVER

Outlines of a philosophy of the history of man (Record no. 123111)

MARC details
000 -LEADER
fixed length control field 01790cam a2200373K 4500
001 - CONTROL NUMBER
control field 9213647
003 - CONTROL NUMBER IDENTIFIER
control field ARRUPE
005 - DATE AND TIME OF LATEST TRANSACTION
control field 20150908085604.0
006 - FIXED-LENGTH DATA ELEMENTS--ADDITIONAL MATERIAL CHARACTERISTICS--GENERAL INFORMATION
fixed length control field m d
007 - PHYSICAL DESCRIPTION FIXED FIELD--GENERAL INFORMATION
fixed length control field cr bn||||||abp
007 - PHYSICAL DESCRIPTION FIXED FIELD--GENERAL INFORMATION
fixed length control field cr bn||||||ada
008 - FIXED-LENGTH DATA ELEMENTS--GENERAL INFORMATION
fixed length control field 100317r19661800nyu ob 000 0 eng d
035 ## - SYSTEM CONTROL NUMBER
System control number (OCoLC)ocn557959641
035 ## - SYSTEM CONTROL NUMBER
System control number (OCoLC)557959641
040 ## - CATALOGING SOURCE
Original cataloging agency OCLCE
Language of cataloging eng
Transcribing agency OCLCE
Modifying agency OCLCQ
041 1# - LANGUAGE CODE
Language code of text/sound track or separate title eng
Language code of original and/or intermediate translations of text ger
049 ## - LOCAL HOLDINGS (OCLC)
Holding library ZCUA
050 #4 - LIBRARY OF CONGRESS CALL NUMBER
Classification number D16.8
Item number .H495 1966
082 04 - DEWEY DECIMAL CLASSIFICATION NUMBER
Classification number 901
100 1# - MAIN ENTRY--PERSONAL NAME
Personal name Herder, Johann Gottfried,
Dates associated with a name 1744-1803.
9 (RLIN) 18769
240 10 - UNIFORM TITLE
Uniform title <a href="Ideen zur Philosophie der Geschichte der Menschheit.">Ideen zur Philosophie der Geschichte der Menschheit.</a>
Language of a work English
245 10 - TITLE STATEMENT
Title Outlines of a philosophy of the history of man
Statement of responsibility, etc Translated from the German Ideen zur Philosophie der Geschichte der Menschheit by T. Churchill.
260 ## - PUBLICATION, DISTRIBUTION, ETC. (IMPRINT)
Place of publication, distribution, etc New York,
Name of publisher, distributor, etc Bergman Publishers
Date of publication, distribution, etc 2012
500 ## - GENERAL NOTE
General note Originally published in London in 1800.
504 ## - BIBLIOGRAPHY, ETC. NOTE
Bibliography, etc Includes bibliographical references.
506 ## - RESTRICTIONS ON ACCESS NOTE
Materials specified Use copy
Standardized terminology for access restriction Restrictions unspecified
Source of term star
Institution to which field applies MiAaHDL
533 ## - REPRODUCTION NOTE
Type of reproduction Electronic reproduction.
Place of reproduction [S.l.] :
Agency responsible for reproduction HathiTrust Digital Library,
Date of reproduction 2010.
538 ## - SYSTEM DETAILS NOTE
System details note Master and use copy. Digital master created according to Benchmark for Faithful Digital Reproductions of Monographs and Serials, Version 1. Digital Library Federation, December 2002.
Uniform Resource Identifier <a href="http://purl.oclc.org/DLF/benchrepro0212">http://purl.oclc.org/DLF/benchrepro0212</a>
583 1# - ACTION NOTE
Action digitized
Time/date of action 2010
Jurisdiction HathiTrust Digital Library
Status committed to preserve
Source of term pda
Institution to which field applies MiAaHDL
600 10 - SUBJECT ADDED ENTRY--PERSONAL NAME
Personal name Churchill, T. O.
9 (RLIN) 18783
650 #0 - SUBJECT ADDED ENTRY--TOPICAL TERM
Topical term or geographic name as entry element History
General subdivision Philosophy.
9 (RLIN) 18784
776 08 - ADDITIONAL PHYSICAL FORM ENTRY
Display text Print version:
Main entry heading Herder, Johann Gottfried, 1744-1803.
Uniform title Ideen zur Philosophie der Geschichte der Menschheit. English.
Title Outlines of a philosophy of the history of man.
Place, publisher, and date of publication New York, Bergman Publishers [1966?]
Record control number (DLC) 66026785
-- (OCoLC)392218
942 ## - ADDED ENTRY ELEMENTS (KOHA)
Source of classification or shelving scheme Library of Congress Classification
Koha item type Monograph ( Printed materials)
Holdings
Withdrawn status Lost status Source of classification or shelving scheme Damaged status Not for loan Collection code Home library Current library Shelving location Date acquired Total Checkouts Full call number Barcode Date last seen Date checked out Price effective from Koha item type
    Library of Congress Classification     Main Collection ARRUPE LIBRARY ARRUPE LIBRARY Main Collection 26/08/2015 1 D16.8 .H495 2012 46500004163 24/02/2017 23/01/2017 26/08/2015 Monograph ( Printed materials)

 

Arrupe Library. PO Box MP320 Mt Pleasant, Harare, Zimbabwe
263 242 745411|librarian@aju.ac.zw